Responses for Show #1584 - Thursday, June 20, 1991

Mark Born game 1.
Game entered from audiorecording.

Contestants

[<< previous game]

Mark Born, an investment analyst from Los Angeles, California

Margaret Hartman, a college professor from Pasadena, California

Brad Colgate, a college health physician from Grove City, Ohio (whose 3-day cash winnings total $37,351)

[next game >>]

Jeopardy! Round responses

PHYSICAL SCIENCE
BROADWAY LYRICS
BUSINESS & INDUSTRY
OLD TESTAMENT
FRUIT
SMITHS
    $100 11
copper

Brad
    $100 1
'til there was you

Brad
    $100 26
McDonald's

Margaret
    $100 6
Samson

Mark
    $100 16
the avocado

Mark
    $100 21
John Smith

Mark
    $200 12
carbon dioxide

Margaret
    $200 2
luck

Brad
    $200 27
(Mark: What is Triple-M or Minnesota Manufacturing and Mining?)

Minnesota Mining and Manufacturing Company

MargaretMark
    $200 7
(Brad: What is the Holy Spirit?)

an ass (a donkey)

BradMargaret
    $200 17
Luther Burbank

Mark
    $200 22
Kate Smith

Brad
    $300 13
red & blue

Brad
    $300 3
the party's over

Brad
    $300 28
Seagram's

Mark
    $300 8
(Brad: Who is... Job?)

Jonah

BradMargaret
    $300 18
the pear

Margaret
    $300 23
Joseph Smith

Margaret
    $400 14
(Alex: 225 days for [*].)

Venus

Margaret
    $400 4
Paradise

Brad
    $400 29
National Cash Register

Mark
    $500 9
(2 of) frogs, locust (lice & flies)

Margaret
    $400 19
a crab apple

Brad
    $400 24
Adam Smith

Margaret
    $500 15
the barometer

Mark
    $500 5
a real live girl

Margaret
    $500 30
Agfa

Mark
    $500 10
Solomon

Margaret
    $500 20
(Alex: What are [*], from Tangiers.)

tangerines

Triple Stumper
    $500 25
Bessie Smith

Brad

Scores at the first commercial break (after clue 14):

Brad Margaret Mark
$900 $2,600 $100

Scores at the end of the Jeopardy! Round:

Brad Margaret Mark
$2,000 $3,900 $2,000

Double Jeopardy! Round responses

WORLD GEOGRAPHY
1977
STARTS WITH "O"
FASHION HISTORY
LITERARY CHARACTERS
OLD GLORY
    $200 1
[Brad selected the first clue.]

Munich

Brad
    $200 6
the Concorde

Brad
    $200 16
an orphanage

Brad
    $200 30
a hat

Brad
    $200 9
Stalin

Brad
    $200 29
Betsy Ross

Margaret
    $400 2
Brazil

Brad
    $400 7
(Margaret: What is Berlin, mayor of Berlin?)

Paris

MargaretMark
    $400 17
the orangutan

Brad
    $400 24
skirts

Brad
    $400 10
Steinbeck

Margaret
    $400 26
John Paul Jones

Mark
    $600 3
the Yangtze

Brad
    $600 8
Al Capp

Margaret
    $600 18
Our Town

Margaret
    $600 21
(Coco) Chanel

Brad
    $600 11
(Captain Horatio) Hornblower

Mark
    $600 25
Francis Scott Key

Margaret
    $2,000 4
(Brad: What is Mauna Kea?)
...
(Alex: The Ainu a reference to Japan.)

Mt. Fuji

Brad
    $800 14
Janet Guthrie

Brad
    $800 19
Oman

Mark
    $800 22
Carnaby St.

Mark
    $1,500 12
(Alex: Taking us all the way back to the original work by Alexandre Dumas fils, [**] is correct.)

the Lady of the Camellias (La Dame aux Camélias)

Mark
    $800 27
15

Margaret
    $1000 5
(Brad: What is... Iraq?)

Jordan

BradMark
    $1000 15
Bert Lance

Mark
    $1000 20
Ovid

Brad
    $1000 23
(Mark: Who is Oscar de la Renta?

Balenciaga

Mark
Triple Stumper
    $1000 13
the Metamorphosis

Brad
    $1000 28
the Union Jack

Margaret

Scores at the end of the Double Jeopardy! Round:

Brad Margaret Mark
$5,200 $7,700 $7,500

[wagering suggestions for these scores]

Final Jeopardy! Round responses

MUSEUMS
(Alex: [To Mark] What is...)
(Mark: It's supposed to be [*], but I don't think that's correct.)
(Alex: [To judges] Do we see enough of Albert to make a judgment on that? "Victoria and Alb" is what I read and I'm getting nods of agreement. That is the correct response by the way, [*].)
...
(Margaret: It's supposed to be Guggenheim.)
BradWhat is the Rembrandt?
$2,501
MarkWhat is Victoria & Alb
$7,499
MargaretWhat is the Guggenheim Museum?
$7,600
the Victoria and Albert Museum

Final scores:

Brad Margaret Mark
$2,699 $100 $14,999
2nd place: Ricoh Mirai camera & Sanyo 20" TV + Jeopardy! box game or computerized version 3rd place: Service Merchandise gift certificate + Jeopardy! box game or computerized version New champion: $14,999

Game dynamics:

Coryat scores:

Brad Margaret Mark
$7,200 $7,600 $6,800
22 R,
4 W
(including 1 DD)
19 R
(including 1 DD),
1 W
16 R
(including 1 DD),
2 W

Combined Coryat: $21,600

[game clues] [game scores] [suggest correction]

Game tape date: 1991-03-13
The J! Archive is created by fans, for fans. Scraping, republication, monetization, and malicious use prohibited; this site may use cookies and collect identifying information. See terms. The Jeopardy! game show and all elements thereof, including but not limited to copyright and trademark thereto, are the property of Jeopardy Productions, Inc. and are protected under law. This website is not affiliated with, sponsored by, or operated by Jeopardy Productions, Inc. Join the discussion at JBoard.tv.